[Event "1st FIDE OWCCCC Pools-East 2021"]
[Site "Online"]
[Date "2021.02.19"]
[Round "3.6"]
[White "Fomenko, Victor"]
[Black "Kadatsky, Alexander"]
[Result "0-1"]
[WhiteElo "1517"]
[BlackElo "2368"]
[Annotator "RC"]
[PlyCount "200"]
[EventDate "2021.02.19"]
[EventType "team-tourn"]
[EventCountry "NET"]
[SourceTitle "playchess.com"]
[Source "ChessBase"]
[SourceQuality "1"]

1. c4 Nf6 2. b3 c5 3. Bb2 b6 4. g3 Bb7 5. Nf3 e6 6. Bg2 Be7 7. O-O O-O 8. d4 cxd4 9. Nxd4 Bxg2 10. Kxg2 d6 11. Nc3 a6 12. Rc1 Qc7 13. Kg1 Nbd7 14. e4 Rac8 15. Qe2 Qb7 16. Rfe1 Ne5 17. Nf3 Nxf3+ 18. Qxf3 b5 19. cxb5 axb5 20. Qe3 Rc7 21. Qd3 b4 22. Na4 Rxc1 23. Bxc1 d5 24. exd5 Nxd5 25. Bb2 Rd8 26. Qe4 Bf8 27. Rc1 Qb5 28. h4 h6 29. Qc4 Qd7 30. Qc6 Qa7 31. Qb5 Bd6 32. Qd3 Bf8 33. Qb5 Rb8 34. Qc6 Ne7 35. Qc7 Rb7 36. Qe5 Rb8 37. Rc7 Rb7 38. Rc1 Qb8 39. Qxb8 Rxb8 40. Rc7 Nd5 41. Rc6 Re8 42. Kg2 h5 43. Rc1 f6 44. Bd4 Kf7 45. f3 Rd8 46. Bf2 Ke7 47. Rc2 Kf7 48. Rc1 Be7 49. Rc2 Bd6 50. Nb6 Nxb6 51. Bxb6 Ra8 52. Bf2 e5 53. Be3 Ke6 54. Kf2 Ra6 55. Ke2 Ra5 56. Bf2 g6 57. Kd2 f5 58. Ke2 Kd5 59. Rd2+ Ke6 60. Rc2 Be7 61. Rc6+ Kd5 62. Rc2 e4 63. Rd2+ Ke5 64. Bd4+ Ke6 65. fxe4 fxe4 66. Ke3 Bd6 67. Kxe4 Bxg3 68. Rc2 Bxh4 69. Rc6+ Kf7 70. Rc7+ Be7 71. Kf3 Ke6 72. Be3 g5 73. Rb7 Bd6 74. Rh7 g4+ 75. Ke4 Re5+ 76. Kd3 Be7 77. Bd2 Rd5+ 78. Ke2 Re5+ 79. Kd3 h4 80. Rh6+ Kd5 81. Bf4 Rf5 82. Bb8 g3 83. Ke2 Rf2+ 84. Ke1 Rxa2 85. Rg6 Ra1+ 86. Ke2 Ra2+ 87. Kf3 Rf2+ 88. Ke3 Bc5+ 89. Kd3 Rf3+ 90. Ke2 Rxb3 91. Rg5+ Kc6 92. Rh5 Be7 93. Ba7 Rc3 94. Bd4 Rc4 95. Bg7 Re4+ 96. Kf3 Rc4 97. Kg2 b3 98. Ra5 Rc2+ 99. Kh3 b2 100. Bxb2 Rxb2 0-1

[Event "1st FIDE OWCCCC Pools-East 2021"]
[Site "Online"]
[Date "2021.02.19"]
[Round "3.7"]
[White "Lavrov, Maxim"]
[Black "Chernoshchek, Andrey"]
[Result "1-0"]
[WhiteElo "2401"]
[BlackElo "1936"]
[Annotator "TA"]
[PlyCount "53"]
[EventDate "2021.02.19"]
[EventType "team-tourn"]
[EventCountry "NET"]
[SourceTitle "playchess.com"]
[Source "ChessBase"]
[SourceQuality "1"]

1. e4 e6 2. d4 d5 3. e5 c5 4. c3 Nc6 5. Nf3 Qb6 6. a3 cxd4 7. cxd4 f6 8. Bd3 Bd7 9. O-O O-O-O 10. Bc2 Nge7 11. Nc3 Ng6 12. exf6 gxf6 13. b4 Bd6 14. Be3 Rdg8 15. Kh1 h5 16. Rc1 Kb8 17. Qd2 Nce7 18. Na4 Bxa4 19. Bxa4 Qa6 20. Bd7 Rd8 21. Bxe6 Bxb4 22. axb4 Qxe6 23. b5 Nf5 24. Bf4+ Nxf4 25. Qxf4+ Nd6 26. Rc5 Qg4 27. Qxf6 1-0

[Event "1st FIDE OWCCCC Pools-East 2021"]
[Site "Online"]
[Date "2021.02.19"]
[Round "3.7"]
[White "Von Krogh, Christopher"]
[Black "Myshakov, Fedor"]
[Result "0-1"]
[WhiteElo "2223"]
[BlackElo "2375"]
[Annotator "TA"]
[PlyCount "118"]
[EventDate "2021.02.19"]
[EventType "team-tourn"]
[EventCountry "NET"]
[SourceTitle "playchess.com"]
[Source "ChessBase"]
[SourceQuality "1"]

1. d4 d5 2. c4 dxc4 3. Nf3 Nf6 4. e3 e6 5. Bxc4 c5 6. O-O a6 7. dxc5 Qxd1 8. Rxd1 Bxc5 9. Be2 b6 10. Nbd2 O-O 11. a3 Bb7 12. b4 Be7 13. Nc4 Nbd7 14. Bb2 Rfd8 15. Rac1 Bd5 16. Nfe5 a5 17. bxa5 bxa5 18. a4 Nxe5 19. Bxe5 Bxc4 20. Bxc4 Rac8 21. Bb5 Bb4 22. Rxc8 Rxc8 23. f3 Nd5 24. Kf2 Rc2+ 25. Be2 Bc5 26. Bd4 Bxd4 27. Rxd4 Kf8 28. Ke1 Nxe3 29. Bb5 Nxg2+ 30. Kd1 Ne3+ 31. Ke1 Nd5 32. h4 Ke7 33. Bd3 Rh2 34. Be4 Rxh4 35. Rd3 Kd6 36. Rb3 f5 37. Bxd5 exd5 38. Rb6+ Ke5 39. Rb7 g5 40. Ke2 h5 41. Re7+ Kf6 42. Rd7 Ke6 43. Rg7 Kf6 44. Rd7 Rxa4 45. Rxd5 g4 46. fxg4 hxg4 47. Rb5 Kg5 48. Kf2 Kf4 49. Rb2 g3+ 50. Kg2 Kg4 51. Rc2 f4 52. Rc1 Rb4 53. Kg1 a4 54. Ra1 Kh3 55. Kh1 a3 56. Kg1 a2 57. Kf1 Rb1+ 58. Rxb1 axb1=Q+ 59. Ke2 Qb3 0-1

[Event "1st FIDE OWCCCC Pools-East 2021"]
[Site "Online"]
[Date "2021.02.19"]
[Round "3.7"]
[White "Konstantinov, Vasiliy"]
[Black "Klek, Hanna Marie"]
[Result "0-1"]
[WhiteElo "2196"]
[BlackElo "2302"]
[Annotator "TA"]
[PlyCount "46"]
[EventDate "2021.02.19"]
[EventType "team-tourn"]
[EventCountry "NET"]
[SourceTitle "playchess.com"]
[Source "ChessBase"]
[SourceQuality "1"]

1. e4 e5 2. Nf3 Nc6 3. Bb5 a6 4. Ba4 Nf6 5. O-O Be7 6. Re1 b5 7. Bb3 d6 8. c3 O-O 9. h3 Na5 10. Bc2 c5 11. d3 Nc6 12. Nbd2 Re8 13. Nf1 h6 14. Be3 d5 15. Ng3 Bf8 16. d4 exd4 17. cxd4 dxe4 18. Ne5 Nxd4 19. Bxd4 Qxd4 20. Qxd4 cxd4 21. f4 exf3 22. Nxf3 Bb7 23. Ne5 Bd6 0-1

[Event "1st FIDE OWCCCC Pools-East 2021"]
[Site "Online"]
[Date "2021.02.19"]
[Round "3.7"]
[White "Dudarev, Nikolai"]
[Black "Reza, Wojciech"]
[Result "1/2-1/2"]
[WhiteElo "2169"]
[BlackElo "2304"]
[Annotator "TA"]
[PlyCount "56"]
[EventDate "2021.02.19"]
[EventType "team-tourn"]
[EventCountry "NET"]
[SourceTitle "playchess.com"]
[Source "ChessBase"]
[SourceQuality "1"]

1. e4 e5 2. Nf3 Nc6 3. d4 exd4 4. Nxd4 Nf6 5. Nxc6 bxc6 6. Bd3 d5 7. exd5 cxd5 8. O-O Be7 9. c4 d4 10. Qf3 Bg4 11. Qg3 h5 12. h3 h4 13. Qf4 Be6 14. Re1 Kf8 15. Nd2 Rb8 16. Ne4 Nxe4 17. Rxe4 Bf6 18. b3 Rh5 19. Qf3 Ra5 20. Bb2 c5 21. Re2 Rb6 22. Qh5 g6 23. Qh6+ Bg7 24. Qf4 Qf6 25. Qc7 Qe7 26. Qf4 Qf6 27. Qc7 Qe7 28. Qf4 Qf6 1/2-1/2

[Event "1st FIDE OWCCCC Pools-East 2021"]
[Site "Online"]
[Date "2021.02.19"]
[Round "3.7"]
[White "Sudhir, Elias"]
[Black "Ballmer, Mirko"]
[Result "1/2-1/2"]
[WhiteElo "1750"]
[BlackElo "2039"]
[Annotator "TA"]
[PlyCount "139"]
[EventDate "2021.02.19"]
[EventType "team-tourn"]
[EventCountry "NET"]
[SourceTitle "playchess.com"]
[Source "ChessBase"]
[SourceQuality "1"]

1. d4 e6 2. c4 Nf6 3. Nc3 Bb4 4. Qc2 O-O 5. Nf3 b6 6. e4 c5 7. Bd3 cxd4 8. Nxd4 d6 9. O-O Bb7 10. Bd2 Nbd7 11. a3 Bxc3 12. Bxc3 Ne5 13. f3 Rc8 14. b3 d5 15. Nxe6 Nxf3+ 16. Rxf3 fxe6 17. exd5 exd5 18. Bxf6 Rxf6 19. Bxh7+ Kh8 20. Rh3 Rh6 21. Rxh6 gxh6 22. Bf5 Rc7 23. Rd1 Qg5 24. Qc3+ Rg7 25. Bh3 dxc4 26. Rd2 cxb3 27. Re2 Qc5+ 28. Qxc5 bxc5 29. Be6 Re7 30. Kf2 Ba6 31. Rb2 Rxe6 32. Rxb3 c4 33. Rc3 Kg7 34. Kf3 Kf6 35. g4 Re1 36. h4 Rd1 37. Kf4 Rd3 38. Rc1 Rxa3 39. g5+ hxg5+ 40. hxg5+ Kg7 41. Ke5 Rg3 42. Kf4 Rg2 43. Kf5 Rg3 44. Ra1 Bc8+ 45. Kf4 Rg4+ 46. Kf3 a6 47. Ra5 Rg1 48. Rc5 Bb7+ 49. Kf2 Rb1 50. Rxc4 Kg6 51. Rc5 Rb5 52. Rc7 Kxg5 53. Ke3 Kf5 54. Kd3 a5 55. Kc4 Rb1 56. Rc5+ Ke4 57. Rxa5 Bc8 58. Kc5 Rd1 59. Ra4+ Ke5 60. Rc4 Be6 61. Rc2 Rd3 62. Re2+ Kf6 63. Kc6 Ke7 64. Kc5 Rd5+ 65. Kc6 Rd7 66. Kc5 Rc7+ 67. Kd4 Kd6 68. Re1 Rc5 69. Rxe6+ Kxe6 70. Kxc5 1/2-1/2

[Event "1st FIDE OWCCCC Pools-East 2021"]
[Site "Online"]
[Date "2021.02.19"]
[Round "3.8"]
[White "Agrest, Inna"]
[Black "Vishnyakova, Svetlana"]
[Result "1/2-1/2"]
[WhiteElo "2285"]
[BlackElo "1924"]
[Annotator "TA"]
[PlyCount "133"]
[EventDate "2021.02.19"]
[EventType "team-tourn"]
[EventCountry "NET"]
[SourceTitle "playchess.com"]
[Source "ChessBase"]
[SourceQuality "1"]

1. e4 d5 2. exd5 Nf6 3. d4 Nxd5 4. c4 Nb6 5. Nc3 e5 6. Nf3 exd4 7. Qxd4 Qxd4 8. Nxd4 c6 9. Be2 Be7 10. O-O O-O 11. Re1 Bf6 12. Be3 Na6 13. Ne4 Be7 14. a3 f5 15. Bg5 Bd8 16. c5 fxe4 17. cxb6 Bxg5 18. Bc4+ Kh8 19. Rxe4 axb6 20. Rae1 Bd7 21. b4 Rae8 22. g3 Rxe4 23. Rxe4 Re8 24. Rxe8+ Bxe8 25. f4 Bf6 26. Nf5 b5 27. Bb3 Bg6 28. Nd6 b6 29. g4 Bd4+ 30. Kg2 Nc7 31. f5 Be5 32. Nc8 Be8 33. Nxb6 Bb2 34. a4 bxa4 35. Nxa4 Ba3 36. Nc5 Bxb4 37. Ne4 Nd5 38. Kf3 h5 39. h3 hxg4+ 40. hxg4 Kh7 41. g5 Ba3 42. Kg4 g6 43. fxg6+ Bxg6 44. Nf6+ Kg7 45. Nxd5 cxd5 46. Bxd5 Bd6 47. Bb3 Bb1 48. Be6 Kg6 49. Bd7 Bc2 50. Be8+ Kg7 51. Bd7 Bb4 52. Bf5 Bd1+ 53. Kh4 Bd2 54. Bd3 Bf4 55. Be4 Kf7 56. Bd3 Kg7 57. Be4 Bd2 58. Bd3 Be1+ 59. Kh3 Bf3 60. Bc2 Be2 61. Be4 Kf7 62. Bc2 Ke6 63. Bb1 Ke5 64. g6 Kf6 65. Kg2 Bh5 66. Bc2 Bxg6 67. Bxg6 1/2-1/2

[Event "1st FIDE OWCCCC Pools-East 2021"]
[Site "Online"]
[Date "2021.02.19"]
[Round "3.8"]
[White "Chlost, Marlena"]
[Black "Andreikin, Dmitry"]
[Result "1/2-1/2"]
[WhiteElo "2160"]
[BlackElo "2725"]
[Annotator "TA"]
[PlyCount "119"]
[EventDate "2021.02.19"]
[EventType "team-tourn"]
[EventCountry "NET"]
[SourceTitle "playchess.com"]
[Source "ChessBase"]
[SourceQuality "1"]

1. e4 c5 2. Nf3 Nc6 3. d4 cxd4 4. Nxd4 Nf6 5. Nc3 e5 6. Ndb5 d6 7. Bg5 a6 8. Na3 b5 9. Nd5 Be7 10. Bxf6 Bxf6 11. c4 Be6 12. cxb5 Nd4 13. Bd3 Bxd5 14. exd5 axb5 15. O-O Rb8 16. Nc2 Nxc2 17. Qxc2 g6 18. Qc6+ Qd7 19. Rfc1 Ke7 20. a4 bxa4 21. Rxa4 Rhc8 22. Qxd7+ Kxd7 23. Ra7+ Ke8 24. Bb5+ Kf8 25. Rxc8+ Rxc8 26. Bc6 Rb8 27. Rb7 Rxb7 28. Bxb7 e4 29. b4 Bd4 30. Kf1 Ke7 31. Ke2 Kf6 32. Bc6 Ke5 33. b5 f5 34. Bb7 g5 35. Bc6 h6 36. Bb7 f4 37. f3 h5 38. h3 Bc5 39. Bc6 Kd4 40. Bb7 e3 41. Bc6 Bb6 42. Bb7 Kc4 43. Bc6 Ba5 44. Be8 h4 45. Bg6 Kxb5 46. Bd3+ Kc5 47. Be4 Kd4 48. Bd3 Kxd5 49. Be4+ Kd4 50. Bd3 d5 51. Bf5 Ke5 52. Bd3 Bb4 53. Bg6 d4 54. Bd3 Kd5 55. Bg6 Kc4 56. Bd3+ Kc3 57. Bf5 Kc4 58. Bd3+ Kd5 59. Bg6 Ke5 60. Bd3 1/2-1/2

[Event "1st FIDE OWCCCC Pools-East 2021"]
[Site "Online"]
[Date "2021.02.19"]
[Round "3.8"]
[White "Homiakova, Elena"]
[Black "Kaushik, S."]
[Result "1-0"]
[WhiteElo "2113"]
[BlackElo "2126"]
[Annotator "TA"]
[PlyCount "65"]
[EventDate "2021.02.19"]
[EventType "team-tourn"]
[EventCountry "NET"]
[SourceTitle "playchess.com"]
[Source "ChessBase"]
[SourceQuality "1"]

1. e4 c5 2. Nf3 Nc6 3. d4 cxd4 4. Nxd4 Nf6 5. Nc3 e5 6. Ndb5 d6 7. Nd5 Nxd5 8. exd5 Nb8 9. c4 a6 10. Nc3 Be7 11. Be2 O-O 12. O-O Nd7 13. Kh1 f5 14. f4 e4 15. Be3 Bf6 16. Rc1 a5 17. b3 Nc5 18. Nb5 Ra6 19. a3 Bd7 20. Nxd6 Bb2 21. Bxc5 Bxc1 22. Nxb7 Qc7 23. Bxf8 Bxf4 24. d6 Qxb7 25. Rxf4 Kxf8 26. c5 Ra8 27. Bc4 Rc8 28. Qh5 Be6 29. Bxe6 Rxc5 30. Rxf5+ Rxf5 31. Qxf5+ Ke8 32. d7+ Ke7 33. Qf8+ 1-0

[Event "1st FIDE OWCCCC Pools-East 2021"]
[Site "Online"]
[Date "2021.02.19"]
[Round "3.8"]
[White "Rodionova, Polina"]
[Black "Komiagina, Maria"]
[Result "1-0"]
[WhiteElo "2024"]
[BlackElo "2241"]
[Annotator "TA"]
[PlyCount "95"]
[EventDate "2021.02.19"]
[EventType "team-tourn"]
[EventCountry "NET"]
[SourceTitle "playchess.com"]
[Source "ChessBase"]
[SourceQuality "1"]

1. e4 c5 2. Nf3 Nc6 3. Bb5 e6 4. O-O Nge7 5. Re1 a6 6. Bf1 d5 7. exd5 Nxd5 8. d4 cxd4 9. Nxd4 Qc7 10. c4 Nf6 11. Nc3 Bc5 12. Nb3 Be7 13. Qf3 O-O 14. Bf4 Bd6 15. Bxd6 Qxd6 16. Rad1 Qb4 17. Ne4 Nxe4 18. Rxe4 Qe7 19. Qh5 e5 20. f4 f5 21. Re2 e4 22. Red2 Be6 23. h3 Rac8 24. Kh2 Qc7 25. Qh4 b6 26. Rd6 Rfe8 27. Qg5 a5 28. c5 Rb8 29. cxb6 Rxb6 30. Nc5 Bc8 31. Bc4+ Kh8 32. Rd7 Bxd7 33. Rxd7 Qxd7 34. Nxd7 Rxb2 35. Qxf5 Nd4 36. Qf7 Rc8 37. Nf8 Rxc4 38. Qxc4 Nf5 39. Qxe4 Nh6 40. Nd7 Ng8 41. Qe5 Rb7 42. Nc5 Rf7 43. Ne6 Re7 44. f5 h6 45. Qxa5 Kh7 46. Qc5 Rf7 47. a4 Ne7 48. g4 1-0

[Event "1st FIDE OWCCCC Pools-East 2021"]
[Site "Online"]
[Date "2021.02.19"]
[Round "3.8"]
[White "Babineca, Darja"]
[Black "Rajkumar, Preethi"]
[Result "0-1"]
[WhiteElo "1756"]
[BlackElo "1511"]
[Annotator "NA RC"]
[PlyCount "74"]
[EventDate "2021.02.19"]
[EventType "team-tourn"]
[EventCountry "NET"]
[SourceTitle "playchess.com"]
[Source "ChessBase"]
[SourceQuality "1"]

1. e4 g6 2. d4 Bg7 3. Nf3 d6 4. Bf4 Bg4 5. Be2 Nd7 6. h3 Bxf3 7. Bxf3 c6 8. O-O Qb6 9. Nd2 Bxd4 10. c3 Bg7 11. Qc2 Ngf6 12. Nc4 Qc7 13. Rfe1 b5 14. Nd2 O-O 15. Nb3 Rac8 16. Nd4 e5 17. Be3 exd4 18. cxd4 Rfe8 19. Bf4 Qb6 20. Rad1 Bf8 21. Qd2 Red8 22. h4 c5 23. d5 Ne5 24. Be2 Nxe4 25. Qd3 f5 26. Qc2 c4 27. h5 Qxf2+ 28. Kh1 Qxf4 29. Bf3 Nxf3 30. gxf3 Qxf3+ 31. Kg1 Bh6 32. Qg2 Be3+ 33. Kh1 Qxh5+ 34. Qh2 Nf2+ 35. Kg2 Qg4+ 36. Kf1 Nxd1 37. Rxd1 Qxd1+ 0-1

[Event "1st FIDE OWCCCC Pools-East 2021"]
[Site "Online"]
[Date "2021.02.19"]
[Round "3.9"]
[White "Jakovenko, Dmitry"]
[Black "Unuk, Laura"]
[Result "1-0"]
[WhiteElo "2684"]
[BlackElo "2389"]
[Annotator "TA"]
[PlyCount "53"]
[EventDate "2021.02.19"]
[EventType "team-tourn"]
[EventCountry "NET"]
[SourceTitle "playchess.com"]
[Source "ChessBase"]
[SourceQuality "1"]

1. c4 Nf6 2. Nf3 e6 3. g3 d5 4. Bg2 Be7 5. O-O O-O 6. b3 c5 7. e3 Nc6 8. Bb2 b6 9. Nc3 Ba6 10. Nb5 Qd7 11. Qe2 Rfd8 12. Rfd1 Rac8 13. d4 cxd4 14. exd4 dxc4 15. bxc4 Na5 16. Ne5 Qe8 17. a4 Bb4 18. Rac1 Qe7 19. Qe3 h6 20. d5 exd5 21. cxd5 Rxc1 22. Qxc1 Bb7 23. Nc6 Bxc6 24. dxc6 Ng4 25. Rxd8+ Qxd8 26. c7 Qc8 27. Nxa7 1-0

[Event "1st FIDE OWCCCC Pools-East 2021"]
[Site "Online"]
[Date "2021.02.19"]
[Round "3.9"]
[White "Dourerassou, Jonathan"]
[Black "Rozhkov, Viacheslav"]
[Result "1-0"]
[WhiteElo "2477"]
[BlackElo "2239"]
[Annotator "TA"]
[PlyCount "109"]
[EventDate "2021.02.19"]
[EventType "team-tourn"]
[EventCountry "NET"]
[SourceTitle "playchess.com"]
[Source "ChessBase"]
[SourceQuality "1"]

1. e4 c5 2. Nf3 d6 3. d4 cxd4 4. Nxd4 Nf6 5. Nc3 Nc6 6. Bc4 Bd7 7. Bb3 Rc8 8. O-O g6 9. Be3 Bg7 10. h3 O-O 11. Re1 Nxd4 12. Bxd4 b5 13. Qd2 a5 14. a3 Qc7 15. Bxf6 exf6 16. Rad1 f5 17. Nd5 Qd8 18. exf5 a4 19. Ne7+ Kh8 20. Nxc8 Qxc8 21. f6 Bxf6 22. Qxd6 Bxb2 23. Qxd7 axb3 24. cxb3 Qxd7 25. Rxd7 Bxa3 26. Rb7 b4 27. Ree7 Kg7 28. Red7 h5 29. Kf1 g5 30. g4 hxg4 31. hxg4 Kg6 32. Ke2 Re8+ 33. Kf3 Rf8 34. Rb6+ Kg7 35. Rb5 Kg6 36. Rd6+ f6 37. Rb7 Rg8 38. Rdd7 Kh6 39. Ke4 Kg6 40. Kd5 Kh6 41. Ke6 Kg6 42. Rf7 Bb2 43. Kd5 Bc3 44. Ke4 Re8+ 45. Kf3 Rg8 46. Rfd7 Kh6 47. Rh7+ Kg6 48. Rh1 f5 49. Rd1 fxg4+ 50. Kxg4 Re8 51. Rd6+ Bf6 52. Rxb4 Re5 53. Rbb6 Re4+ 54. Kg3 Rf4 55. Rxf6+ 1-0

[Event "1st FIDE OWCCCC Pools-East 2021"]
[Site "Online"]
[Date "2021.02.19"]
[Round "3.9"]
[White "Skopje"]
[Black "Lanchava, Tea"]
[Result "0-1"]
[WhiteElo "2287"]
[BlackElo "2214"]
[Annotator "TA"]
[PlyCount "100"]
[EventDate "2021.02.19"]
[EventType "team-tourn"]
[EventCountry "NET"]
[SourceTitle "playchess.com"]
[Source "ChessBase"]
[SourceQuality "1"]

1. d4 d6 2. e4 g6 3. Nc3 Bg7 4. Bg5 a6 5. Nf3 Nd7 6. a4 b6 7. Bc4 Bb7 8. Qe2 c5 9. Rd1 cxd4 10. Nxd4 Ne5 11. Bd5 Bxd5 12. exd5 Nf6 13. f4 Neg4 14. h3 Nh6 15. O-O Qd7 16. Rfe1 Nhg8 17. Nc6 h6 18. Bh4 Kf8 19. Qe3 Qb7 20. Bf2 b5 21. Bh4 b4 22. Nb1 Nxd5 23. Rxd5 Qxc6 24. Bxe7+ Nxe7 25. Qxe7+ Kg8 26. Qxd6 Qxc2 27. Rd2 Qc4 28. f5 gxf5 29. Qd7 Qc8 30. Qd5 Ra7 31. Rf2 Qd7 32. Rd1 Qe6 33. Qc5 Re7 34. Nd2 Kh7 35. Nf3 Rc8 36. Qxb4 Rc4 37. Qd2 Qb6 38. Qd5 Rc5 39. Qd3 Bf6 40. Rdf1 Re4 41. Kh1 Bxb2 42. Nd2 Rd4 43. Qe2 Rdd5 44. Qe7 Qe6 45. Qb7 Bd4 46. Rf3 Rc2 47. Nb3 Bg7 48. Rg3 Be5 49. Rgf3 Qg6 50. Rg1 Rxg2 0-1

[Event "1st FIDE OWCCCC Pools-East 2021"]
[Site "Online"]
[Date "2021.02.19"]
[Round "3.9"]
[White "Seidl, Stepan"]
[Black "Kachura, Denis"]
[Result "0-1"]
[WhiteElo "2173"]
[BlackElo "2065"]
[Annotator "TA"]
[PlyCount "96"]
[EventDate "2021.02.19"]
[EventType "team-tourn"]
[EventCountry "NET"]
[SourceTitle "playchess.com"]
[Source "ChessBase"]
[SourceQuality "1"]

1. e4 c5 2. Nf3 Nc6 3. c3 Nf6 4. e5 Nd5 5. d4 cxd4 6. cxd4 e6 7. Nc3 Nxc3 8. bxc3 d6 9. Bd3 dxe5 10. dxe5 Qa5 11. O-O Be7 12. Qe2 O-O 13. Qe4 g6 14. h4 Rd8 15. Bg5 Qd5 16. Rad1 Bxg5 17. hxg5 Qxe4 18. Bxe4 Bd7 19. Rd6 Be8 20. Rfd1 Rxd6 21. exd6 Rd8 22. c4 b6 23. Kh2 Kf8 24. Kg3 Kg7 25. Kf4 f6 26. gxf6+ Kxf6 27. Bxc6 Bxc6 28. Ne5 g5+ 29. Kg4 Kxe5 30. Kxg5 Rg8+ 31. Kh6 Bxg2 32. f4+ Kxf4 33. Rg1 Kf3 34. Kxh7 Rd8 35. Rd1 e5 36. d7 e4 37. Rd6 Bh3 38. Rf6+ Ke3 39. Kg6 Rxd7 40. Rf8 Kd3 41. Kg5 e3 42. Kf4 e2 43. Re8 Rf7+ 44. Kg3 Bd7 45. Re5 Bc6 46. c5 Kd2 47. a4 e1=Q+ 48. Rxe1 Kxe1 0-1

[Event "1st FIDE OWCCCC Pools-East 2021"]
[Site "Online"]
[Date "2021.02.19"]
[Round "3.9"]
[White "Dagva, Munkhtur"]
[Black "Brylski, Pawel"]
[Result "1/2-1/2"]
[WhiteElo "1783"]
[BlackElo "1966"]
[Annotator "TA"]
[PlyCount "96"]
[EventDate "2021.02.19"]
[EventType "team-tourn"]
[EventCountry "NET"]
[SourceTitle "playchess.com"]
[Source "ChessBase"]
[SourceQuality "1"]

1. d4 f5 2. Bf4 Nf6 3. Nf3 e6 4. e3 b6 5. Be2 Bb7 6. h3 Bd6 7. Ne5 O-O 8. O-O Nc6 9. c4 Ne4 10. Nc3 g5 11. Nxc6 Bxc6 12. Bxd6 Nxc3 13. bxc3 cxd6 14. a4 Bb7 15. a5 Rc8 16. axb6 axb6 17. Ra7 Ba8 18. Qa4 Bc6 19. Qb3 Ra8 20. Rfa1 Rxa7 21. Rxa7 Qb8 22. Ra6 f4 23. exf4 Bxg2 24. Qxb6 Bxh3 25. Qxb8 Rxb8 26. Rxd6 gxf4 27. Rxd7 Rb3 28. c5 Rxc3 29. f3 e5 30. Rd5 exd4 31. Rxd4 Rxc5 32. Rxf4 Rg5+ 33. Kh2 Rg2+ 34. Kxh3 Rxe2 35. Kg3 Re1 36. Rb4 Kg7 37. Rb6 Re7 38. Kg4 Rf7 39. f4 Rc7 40. Kg5 Rf7 41. f5 Rc7 42. Rh6 Rc5 43. Rd6 Rc1 44. Rd7+ Kg8 45. Rd6 Kf7 46. Rd7+ Kg8 47. Kf6 Rc6+ 48. Kg5 Rc1 1/2-1/2

[Event "1st FIDE OWCCCC Pools-East 2021"]
[Site "Online"]
[Date "2021.02.19"]
[Round "3.10"]
[White "Lapcevic, Milos"]
[Black "Vasilov, Artur"]
[Result "0-1"]
[WhiteElo "2371"]
[BlackElo "2266"]
[Annotator "TA"]
[PlyCount "86"]
[EventDate "2021.02.19"]
[EventType "team-tourn"]
[EventCountry "NET"]
[SourceTitle "playchess.com"]
[Source "ChessBase"]
[SourceQuality "1"]

1. d4 Nf6 2. c4 e6 3. Nc3 Bb4 4. e3 b6 5. Nge2 Bb7 6. a3 Be7 7. d5 O-O 8. Ng3 d6 9. Be2 c6 10. e4 cxd5 11. cxd5 exd5 12. exd5 Re8 13. O-O Nbd7 14. Bf4 Bf8 15. Re1 a6 16. Qd4 b5 17. h4 Qb6 18. Qd2 Nc5 19. Rad1 b4 20. axb4 Qxb4 21. Bg5 Nfd7 22. h5 h6 23. Be3 Nb3 24. Qc2 Rac8 25. Nf5 Nf6 26. Bf3 Re5 27. Nd4 Nxd4 28. Rxd4 Rc4 29. Red1 Nxh5 30. Bxh5 Rxh5 31. Qe2 Rh4 32. R4d2 Rcg4 33. g3 Bc8 34. Kg2 Qb7 35. Bd4 Rg6 36. Qe8 Bh3+ 37. Kg1 Bd7 38. Qd8 Rh5 39. Re1 Qc8 40. Qxc8 Bxc8 41. Re8 Bd7 42. Rd8 Bg4 43. Be3 Bf3 0-1

[Event "1st FIDE OWCCCC Pools-East 2021"]
[Site "Online"]
[Date "2021.02.19"]
[Round "3.10"]
[White "Kunakbaev, Ilnur"]
[Black "Guerlach, Frederic"]
[Result "1-0"]
[WhiteElo "2196"]
[BlackElo "2055"]
[Annotator "TA"]
[PlyCount "141"]
[EventDate "2021.02.19"]
[EventType "team-tourn"]
[EventCountry "NET"]
[SourceTitle "playchess.com"]
[Source "ChessBase"]
[SourceQuality "1"]

1. d4 d5 2. c4 e6 3. Nc3 c6 4. cxd5 exd5 5. Qc2 Bd6 6. Nf3 Ne7 7. Bg5 f6 8. Bh4 Bf5 9. Qd2 Ng6 10. Bg3 Qe7 11. Bxd6 Qxd6 12. e3 Nd7 13. Bd3 Bxd3 14. Qxd3 Qe6 15. O-O O-O 16. Ne2 f5 17. Rfe1 Ne7 18. Nf4 Qf6 19. Qb3 Nb6 20. h4 h6 21. h5 Nec8 22. Ne5 Rd8 23. a4 Nd6 24. Rac1 Rab8 25. Qc2 Rbc8 26. Neg6 Ne4 27. b3 Re8 28. Ne5 Qg5 29. a5 Na8 30. Nf3 Qf6 31. Qd3 Nc7 32. Ne5 Ne6 33. Nxe6 Rxe6 34. Ng6 Qg5 35. Nf4 Ree8 36. a6 b6 37. b4 Nf6 38. Qd1 Qg4 39. Qxg4 Nxg4 40. Rc3 Red8 41. Rec1 Rd6 42. b5 Nf6 43. bxc6 Ne8 44. Nd3 Nc7 45. Ra1 Nb5 46. Rb3 Nc7 47. Ne5 Kf8 48. Kh2 Ke7 49. Kg3 Ne6 50. f3 Nf8 51. Kf4 Kf6 52. Rc1 Ne6+ 53. Kg3 Nf8 54. Rbc3 g6 55. hxg6 Nxg6 56. Nxg6 Kxg6 57. Kf4 Kf6 58. c7 Ke7 59. Ke5 Kd7 60. R1c2 Rg6 61. Kxd5 Rg7 62. e4 fxe4 63. fxe4 h5 64. e5 h4 65. Rc6 Rg4 66. Rh6 Rg7 67. Rd6+ Ke7 68. Kc6 Rgg8 69. d5 Rg5 70. Rd7+ Ke8 71. e6 1-0

[Event "1st FIDE OWCCCC Pools-East 2021"]
[Site "Online"]
[Date "2021.02.19"]
[Round "3.10"]
[White "Petrov, Victor"]
[Black "Kulovana, Eva"]
[Result "0-1"]
[WhiteElo "2140"]
[BlackElo "2141"]
[Annotator "TA"]
[PlyCount "104"]
[EventDate "2021.02.19"]
[EventType "team-tourn"]
[EventCountry "NET"]
[SourceTitle "playchess.com"]
[Source "ChessBase"]
[SourceQuality "1"]

1. e4 c6 2. Nc3 d5 3. d4 dxe4 4. Nxe4 Bf5 5. Ng3 Bg6 6. Nf3 Nf6 7. Be2 e6 8. O-O Nbd7 9. Bf4 Be7 10. c3 O-O 11. Nh4 Nd5 12. Nxg6 hxg6 13. Bd2 c5 14. Bf3 cxd4 15. cxd4 N7f6 16. Qb3 Qb6 17. Qxb6 axb6 18. a3 b5 19. b4 Rfc8 20. Rfc1 Rxc1+ 21. Bxc1 Rc8 22. Ne4 Nxe4 23. Bxe4 Bf6 24. Be3 Rc3 25. Bd2 Rc4 26. Be3 Bxd4 27. Rc1 Nxe3 28. Rxc4 Nxc4 29. Bxb7 Nxa3 30. Kf1 Bc3 31. Ke2 Bxb4 32. Kd3 Bd6 33. Ba6 Kf8 34. Kc3 Ke7 35. g3 f5 36. Bb7 g5 37. Bc8 Kf6 38. Bd7 e5 39. f3 Bc5 40. Kb3 e4 41. fxe4 fxe4 42. Kc3 Ke5 43. h4 gxh4 44. gxh4 Kf4 45. h5 b4+ 46. Kd2 Kf3 47. Bc6 Bd4 48. Bd5 Nb5 49. Bc6 Nc3 50. Kc2 Kf2 51. Kb3 Bc5 52. Kc4 Be7 0-1